[Event "LSS No Engine Cup 210 Preliminary 0"]
[Site "LSS email"]
[Date "2020.11.23"]
[Round "?"]
[White "Malmstrom, Jan"]
[Black "Stevens, Michael"]
[Result "1-0"]
[WhiteElo "1491"]
[BlackElo "1893"]
[PlyCount "53"]
[EventDate "2020.11.23"]
[EventType "tourn (corr)"]
[EventRounds "6"]
[EventCountry "GER"]
[SourceTitle "Corr 2022"]
[Source "ChessBase"]
[SourceDate "2021.10.24"]
[SourceVersion "1"]
[SourceVersionDate "2021.10.24"]
[SourceQuality "1"]

1. d4 Nf6 2. c4 e6 3. Nc3 Bb4 4. e3 0-0 5. Bd3 b6 6. Nge2 c5 7. 0-0 Bb7 8. d5 Ba5 9. e4 d6 10. f4 Nbd7 11. Bd2 a6 12. a4 Re8 13. h3 Qc7 14. g4 Nf8 15. Ng3 h6 16. h4 exd5 17. exd5 Bc8 18. f5 Ra7 19. g5 hxg5 20. hxg5 Bxc3 21. Bxc3 N6h7 22. g6 Nf6 23. Bxf6 gxf6 24. g7 Nh7 25. Rf4 Kxg7 26. Qh5 Qe7 27. Re4 1-0

[Event "LSS No Engine Cup 210 Preliminary 0"]
[Site "LSS email"]
[Date "2020.11.23"]
[Round "?"]
[White "Stevens, Michael"]
[Black "Reppert, Victor"]
[Result "1-0"]
[WhiteElo "1893"]
[BlackElo "1652"]
[PlyCount "49"]
[EventDate "2020.11.23"]
[EventType "tourn (corr)"]
[EventRounds "6"]
[EventCountry "GER"]
[SourceTitle "Corr 2022"]
[Source "ChessBase"]
[SourceDate "2021.10.24"]
[SourceVersion "1"]
[SourceVersionDate "2021.10.24"]
[SourceQuality "1"]

1. f4 e5 2. fxe5 d6 3. exd6 Bxd6 4. Nf3 Nf6 5. d4 0-0 6. Bg5 Re8 7. Nc3 Nbd7 8. Qd3 h6 9. Bh4 b5 10. 0-0-0 g5 11. Be1 b4 12. Na4 Ne4 13. h4 g4 14. Nd2 Ndf6 15. Nxe4 Nxe4 16. e3 Ng3 17. Bxg3 Bxg3 18. e4 Bxh4 19. Kb1 Bg5 20. Nc5 Qf6 21. Qb3 a5 22. Bc4 Kg7 23. Rhf1 Qd8 24. Rxf7+ Kh8 25. Qd3 1-0

[Event "LSS No Engine Cup 198 Preliminary 0"]
[Site "LSS email"]
[Date "2020.02.02"]
[Round "?"]
[White "Stevens, Michael"]
[Black "Csoma, Robert"]
[Result "1-0"]
[WhiteElo "1812"]
[BlackElo "1454"]
[PlyCount "35"]
[EventDate "2020.02.02"]
[EventType "tourn (corr)"]
[EventRounds "6"]
[EventCountry "GER"]
[SourceTitle "Corr 2022"]
[Source "ChessBase"]
[SourceDate "2021.10.24"]
[SourceVersion "1"]
[SourceVersionDate "2021.10.24"]
[SourceQuality "1"]

1. f4 d5 2. Nf3 Nf6 3. e3 g6 4. Be2 Bg7 5. 0-0 0-0 6. d3 c5 7. Nc3 Nc6 8. Qe1 a6 9. a3 Qc7 10. Qh4 e5 11. e4 dxe4 12. dxe4 Bg4 13. fxe5 Nxe5 14. Bg5 Nfd7 15. Nd5 Qb8 16. Nxe5 Bxe2 17. Nxd7 Qd6 18. N5f6+ 1-0

[Event "LSS No Engine Cup 180 Final"]
[Site "LSS email"]
[Date "2019.03.29"]
[Round "?"]
[White "Hoehne, Micha"]
[Black "Stevens, Michael"]
[Result "1/2-1/2"]
[WhiteElo "1965"]
[BlackElo "1883"]
[PlyCount "66"]
[EventDate "2019.03.30"]
[EventType "tourn (corr)"]
[EventRounds "6"]
[EventCountry "GER"]
[SourceTitle "Corr 2022"]
[Source "ChessBase"]
[SourceDate "2021.10.24"]
[SourceVersion "1"]
[SourceVersionDate "2021.10.24"]
[SourceQuality "1"]

1. e4 c6 2. d4 d5 3. Nc3 dxe4 4. Nxe4 Bf5 5. Bd3 Qxd4 6. Nf3 Qd8 7. Qe2 Bxe4 8. Bxe4 Nf6 9. 0-0 Nbd7 10. Rd1 Qc7 11. c4 e6 12. Bc2 a5 13. g3 Bc5 14. Bf4 Qb6 15. Kg2 0-0 16. Rd2 Rfd8 17. a3 Nf8 18. Rad1 Ng6 19. Rxd8+ Rxd8 20. Rxd8+ Qxd8 21. Bd2 b6 22. Bc3 Qc7 23. h3 Qe7 24. Ng5 Qc7 25. f4 Be7 26. h4 Nf8 27. f5 exf5 28. Bxf5 Qd6 29. Ne4 Nxe4 30. Bxe4 Nd7 31. Bf3 Bf6 32. Qe8+ Nf8 33. Qxc6 Qxc6 1/2-1/2

[Event "LSS No Engine Cup 182 Preliminary 0"]
[Site "LSS email"]
[Date "2018.09.13"]
[Round "?"]
[White "Lonyuk, Bohdan"]
[Black "Stevens, Michael"]
[Result "0-1"]
[WhiteElo "1528"]
[BlackElo "1858"]
[PlyCount "52"]
[EventDate "2018.09.14"]
[EventType "tourn (corr)"]
[EventRounds "6"]
[EventCountry "GER"]
[SourceTitle "Corr 2022"]
[Source "ChessBase"]
[SourceDate "2021.10.24"]
[SourceVersion "1"]
[SourceVersionDate "2021.10.24"]
[SourceQuality "1"]

1. e4 d6 2. d4 Nf6 3. Nc3 g6 4. Be3 c6 5. h3 Nbd7 6. g4 Qa5 7. Qd2 Bg7 8. g5 Ng8 9. Bg2 e6 10. Nge2 Nb6 11. b3 Qa3 12. 0-0 Ne7 13. f4 d5 14. exd5 exd5 15. Ng3 0-0 16. Nd1 Re8 17. Nf2 Nf5 18. Nxf5 Bxf5 19. Nd3 Nc8 20. Ne5 Nd6 21. c4 dxc4 22. bxc4 Bxe5 23. fxe5 Nxc4 24. Qc1 Qxe3+ 25. Qxe3 Nxe3 26. Rfe1 Nc2 0-1

[Event "LSS No Engine Cup 182 Preliminary 0"]
[Site "LSS email"]
[Date "2018.09.13"]
[Round "?"]
[White "Stevens, Michael"]
[Black "Paluch, Andrzej"]
[Result "1-0"]
[WhiteElo "1858"]
[BlackElo "1690"]
[PlyCount "55"]
[EventDate "2018.09.14"]
[EventType "tourn (corr)"]
[EventRounds "6"]
[EventCountry "GER"]
[SourceTitle "Corr 2022"]
[Source "ChessBase"]
[SourceDate "2021.10.24"]
[SourceVersion "1"]
[SourceVersionDate "2021.10.24"]
[SourceQuality "1"]

1. c4 Nf6 2. g3 g6 3. Bg2 Bg7 4. Nc3 0-0 5. Nf3 d6 6. d4 Nc6 7. 0-0 a6 8. b3 Rb8 9. Nd5 Nh5 10. Bb2 f5 11. Qd2 e6 12. Nc3 b6 13. d5 Ne7 14. dxe6 Bxe6 15. Ng5 Bc8 16. Bd5+ Nxd5 17. Qxd5+ Kh8 18. Nf7+ Rxf7 19. Qxf7 c6 20. Qa7 Bb7 21. b4 Qc7 22. c5 dxc5 23. bxc5 b5 24. Rad1 Nf6 25. Rd6 Ne8 26. Rd7 Qxd7 27. Qxb8 Qe7 28. Rd1 1-0

[Event "LSS No Engine Cup 180 Preliminary 0"]
[Site "LSS email"]
[Date "2018.07.08"]
[Round "?"]
[White "Czaban, Tomasz"]
[Black "Stevens, Michael"]
[Result "0-1"]
[WhiteElo "1052"]
[BlackElo "1863"]
[PlyCount "52"]
[EventDate "2018.07.09"]
[EventType "tourn (corr)"]
[EventRounds "6"]
[EventCountry "GER"]
[SourceTitle "Corr 2022"]
[Source "ChessBase"]
[SourceDate "2021.10.24"]
[SourceVersion "1"]
[SourceVersionDate "2021.10.24"]
[SourceQuality "1"]

1. e4 c6 2. Nf3 d5 3. exd5 cxd5 4. d4 Nf6 5. Nc3 Nc6 6. Bb5 e6 7. 0-0 Bd6 8. Re1 0-0 9. a3 h6 10. Bxc6 bxc6 11. Ne5 Qc7 12. h3 Rb8 13. Rb1 c5 14. Nf3 Ba6 15. dxc5 Bxc5 16. Na4 Bd6 17. Be3 Ne4 18. Nd2 Rfd8 19. c3 Bb5 20. Nf3 Qd7 21. Bd4 Bxa4 22. Qd3 Qc7 23. Nd2 f5 24. Nxe4 dxe4 25. Qe3 e5 26. Bxa7 Rb7 0-1

[Event "LSS No Engine Cup 180 Preliminary 0"]
[Site "LSS email"]
[Date "2018.07.08"]
[Round "?"]
[White "Neumann, Otto"]
[Black "Stevens, Michael"]
[Result "0-1"]
[WhiteElo "1130"]
[BlackElo "1863"]
[PlyCount "76"]
[EventDate "2018.07.09"]
[EventType "tourn (corr)"]
[EventRounds "6"]
[EventCountry "GER"]
[SourceTitle "Corr 2022"]
[Source "ChessBase"]
[SourceDate "2021.10.24"]
[SourceVersion "1"]
[SourceVersionDate "2021.10.24"]
[SourceQuality "1"]

1. d4 Nf6 2. c4 e6 3. Nc3 Bb4 4. Qc2 Nc6 5. e3 b6 6. Bd3 Bb7 7. Nf3 0-0 8. 0-0 d5 9. cxd5 exd5 10. Re1 Qe7 11. a3 Bxc3 12. Qxc3 Rfe8 13. Bd2 Rac8 14. Rac1 Ne4 15. Bxe4 dxe4 16. Ne5 Nxe5 17. dxe5 Qxe5 18. Rcd1 Qe6 19. Qc2 Bd5 20. Rc1 c5 21. Bc3 Bb3 22. Qe2 Rcd8 23. h3 Rd7 24. Qh5 Rd5 25. Qe2 Red8 26. f3 Rd3 27. f4 f6 28. Rf1 Qf5 29. Be1 a5 30. Rc3 Qd5 31. Rxd3 exd3 32. Qd2 h6 33. Rf2 Qe4 34. f5 Re8 35. Rf3 Bd5 36. Bf2 Qc4 37. Rf4 Qc2 38. Be1 Rxe3 0-1

[Event "LSS No Engine Cup 180 Preliminary 0"]
[Site "LSS email"]
[Date "2018.07.08"]
[Round "?"]
[White "Stevens, Michael"]
[Black "Verich, Oleg"]
[Result "1-0"]
[WhiteElo "1863"]
[BlackElo "1415"]
[PlyCount "49"]
[EventDate "2018.07.09"]
[EventType "tourn (corr)"]
[EventRounds "6"]
[EventCountry "GER"]
[SourceTitle "Corr 2022"]
[Source "ChessBase"]
[SourceDate "2021.10.24"]
[SourceVersion "1"]
[SourceVersionDate "2021.10.24"]
[SourceQuality "1"]

1. c4 Nf6 2. g3 e5 3. Bg2 Nc6 4. Nc3 Bc5 5. a3 Ng4 6. e3 Qf6 7. Qxg4 d6 8. Qe2 Be6 9. Nf3 0-0 10. 0-0 Bb6 11. b4 a5 12. b5 Ne7 13. Bb2 Ng6 14. Rac1 Rfe8 15. Rfe1 Bg4 16. Nd5 Qe6 17. h3 Bxf3 18. Qxf3 e4 19. Qe2 Rac8 20. h4 f5 21. d3 exd3 22. Qxd3 Ne5 23. Qc2 Ng4 24. Nxb6 cxb6 25. Bd5 1-0

[Event "SC-2018-0-00354"]
[Site "LSS email"]
[Date "2018.06.18"]
[Round "?"]
[White "Cleto, Dirceu Jr"]
[Black "Stevens, Michael"]
[Result "1/2-1/2"]
[WhiteElo "2160"]
[BlackElo "1692"]
[PlyCount "37"]
[EventDate "2018.05.09"]
[EventType "tourn (corr)"]
[EventRounds "6"]
[EventCountry "GER"]
[SourceTitle "Corr 2022"]
[Source "ChessBase"]
[SourceDate "2021.10.24"]
[SourceVersion "1"]
[SourceVersionDate "2021.10.24"]
[SourceQuality "1"]

1. e4 c6 2. d4 d5 3. e5 c5 4. dxc5 e6 5. a3 Nc6 6. Be3 Nxe5 7. f4 Nc6 8. Nf3 Be7 9. Bb5 Nh6 10. Qd2 Ng4 11. Bxc6+ bxc6 12. 0-0 0-0 13. b4 a5 14. Bd4 Ba6 15. Re1 Bh4 16. g3 Be7 17. Nc3 Nf6 18. Ne5 Qc7 19. Qe3 1/2-1/2

[Event "SD-2018-0-00289"]
[Site "LSS email"]
[Date "2018.06.08"]
[Round "?"]
[White "Grimm, Wolfgang"]
[Black "Stevens, Michael"]
[Result "0-1"]
[WhiteElo "1517"]
[BlackElo "1692"]
[PlyCount "78"]
[EventDate "2018.02.12"]
[EventType "tourn (corr)"]
[EventRounds "6"]
[EventCountry "GER"]
[SourceTitle "Corr 2022"]
[Source "ChessBase"]
[SourceDate "2021.10.24"]
[SourceVersion "1"]
[SourceVersionDate "2021.10.24"]
[SourceQuality "1"]

1. Nf3 d5 2. b4 Nf6 3. d4 Bf5 4. a3 Ne4 5. Nh4 Bd7 6. g3 a5 7. f3 Nf6 8. bxa5 c5 9. e3 Nc6 10. Be2 cxd4 11. a6 dxe3 12. axb7 Qa5+ 13. c3 Rb8 14. Bxe3 Rxb7 15. g4 d4 16. Bxd4 Nxd4 17. Qxd4 h5 18. Nf5 e6 19. Ne3 hxg4 20. Nxg4 Nxg4 21. Qxg4 Rb2 22. Qe4 Bd6 23. Kf1 Rxh2 24. Rxh2 Bxh2 25. Qh7 Qe5 26. Qh8+ Ke7 27. Qh4+ g5 28. Qe4 Qh8 29. f4 Bxf4 30. Qf3 Rc2 31. Nd2 Bxd2 32. Rd1 Rxc3 33. Qb7 Rc1 34. Kg2 g4 35. Bxg4 Qg7 36. Kh3 f5 37. Bf3 f4 38. Bg4 Rxd1 39. Qf3 Rg1 0-1

[Event "SD-2018-0-00289"]
[Site "LSS email"]
[Date "2018.06.08"]
[Round "?"]
[White "Stevens, Michael"]
[Black "Mueller, Bernd"]
[Result "1/2-1/2"]
[WhiteElo "1692"]
[BlackElo "1676"]
[PlyCount "43"]
[EventDate "2018.02.12"]
[EventType "tourn (corr)"]
[EventRounds "6"]
[EventCountry "GER"]
[SourceTitle "Corr 2022"]
[Source "ChessBase"]
[SourceDate "2021.10.24"]
[SourceVersion "1"]
[SourceVersionDate "2021.10.24"]
[SourceQuality "1"]

1. d4 d5 2. c4 e6 3. Nf3 Be7 4. Nc3 Nf6 5. Bg5 h6 6. Bh4 0-0 7. e3 b6 8. Be2 Bb7 9. Bxf6 Bxf6 10. cxd5 exd5 11. b4 c6 12. 0-0 Re8 13. Qb3 a5 14. bxa5 Rxa5 15. Rfe1 Re6 16. Rab1 Nd7 17. a4 g6 18. Bd3 Bh8 19. Rbc1 Bg7 20. h3 c5 21. Bb5 Nf6 22. Ne5 1/2-1/2

[Event "SD-2014-0-00195"]
[Site "LSS email"]
[Date "2014.06.22"]
[Round "?"]
[White "Stevens, Michael"]
[Black "Henke, Simon"]
[Result "1/2-1/2"]
[WhiteElo "1584"]
[BlackElo "1472"]
[PlyCount "95"]
[EventDate "2014.04.02"]
[EventType "tourn (corr)"]
[EventRounds "6"]
[EventCountry "GER"]
[SourceTitle "Corr 2015"]
[Source "ChessBase"]
[SourceDate "2015.07.17"]
[SourceVersion "1"]
[SourceVersionDate "2015.07.17"]
[SourceQuality "1"]

1. c4 e6 2. Nc3 Nf6 3. e3 d5 4. d4 c6 5. Nf3 Nbd7 6. Qc2 Bd6 7. Be2 0-0 8. 0-0 dxc4 9. Bxc4 b5 10. Be2 Bb7 11. Rd1 Qc7 12. Bd2 a6 13. b4 e5 14. Rac1 Rfe8 15. Bd3 exd4 16. exd4 Nf8 17. Ne4 N8d7 18. Nxd6 Qxd6 19. a3 Rac8 20. Re1 h6 21. h3 Rcd8 22. Be3 Nd5 23. Bd2 Nf8 24. Ne5 Re7 25. Bf5 Rde8 26. Qb3 Ne6 27. Qd3 Nxd4 28. Bd7 Rd8 29. Qxd4 f6 30. Nxc6 Rxe1+ 31. Rxe1 Bxc6 32. Be6+ Kh8 33. Bf5 Qc7 34. Qh4 Re8 35. Rxe8+ Bxe8 36. Qe4 Bf7 37. g3 Ne7 38. Qa8+ Bg8 39. Be4 Qc4 40. Bb7 Nd5 41. Qe8 Qd3 42. Be1 Qd4 43. Kg2 Nc7 44. Qc8 Qe5 45. Bd2 Kh7 46. Bf4 Bd5+ 47. Bxd5 Qxd5+ 48. Kh2 1/2-1/2

[Event "SD-2014-0-00186"]
[Site "LSS email"]
[Date "2014.01.27"]
[Round "?"]
[White "Stevens, Michael"]
[Black "Vio, Mauro"]
[Result "1-0"]
[WhiteElo "1627"]
[BlackElo "1516"]
[PlyCount "57"]
[EventDate "2013.12.22"]
[EventType "tourn (corr)"]
[EventRounds "6"]
[EventCountry "GER"]
[SourceTitle "Corr 2022"]
[Source "ChessBase"]
[SourceDate "2021.10.24"]
[SourceVersion "1"]
[SourceVersionDate "2021.10.24"]
[SourceQuality "1"]

1. c4 e5 2. Nc3 Nf6 3. Nf3 Nc6 4. g3 d5 5. cxd5 Nxd5 6. Bg2 Nxc3 7. bxc3 e4 8. Ng1 Qd5 9. d3 Qc5 10. Bxe4 Qxc3+ 11. Bd2 Qf6 12. Nf3 Bd6 13. Rb1 Qe7 14. 0-0 0-0 15. Qb3 h6 16. Bc3 Nd8 17. Nh4 Qg5 18. Qb2 f6 19. Qc2 Bh3 20. Rfd1 c6 21. d4 f5 22. Bd3 Qg4 23. e4 fxe4 24. Bxe4 Rf7 25. Bh7+ Kh8 26. Re1 Rf8 27. Re3 b5 28. d5 cxd5 29. Ng6+ 1-0